[Event "45th Olympiad 2024"]
[Site "Budapest HUN"]
[Date "2024.09.15"]
[Round "5.24"]
[Board "3"]
[White "Ulhaq, Zacky Dhia"]
[Black "Jobava, Baadur"]
[Result "0-1"]
[WhiteElo "2203"]
[BlackElo "2582"]
[PlyCount "120"]
[EventDate "2024.09.11"]
[WhiteTeam "Indonesia"]
[BlackTeam "Georgia"]
[WhiteTeamCountry "INA"]
[BlackTeamCountry "GEO"]

1. d4 d5 2. Bf4 c5 3. e3 Nc6 4. Nf3 Bg4 5. Nbd2 e6 6. c3 ({RR} 6. h3 Bxf3 7. Nxf3 Bd6 8. dxc5 Bxf4 9. exf4 Qa5+ 10. c3 Qxc5 11. Bd3 Nf6 12. O-O O-O-O 13. b4 Qd6 14. b5 Na5 15. Ne5 Qc7 16. Qa4 Rhf8 17. Rfe1 Kb8 18. Qb4 Rc8 19. Rac1 Nc4 20. a4 Nxe5 {½-½ So,W (2812)-Kramnik,V (2808) Norway Masters blitz 5th 2017 (4)}) 6... a6 ({RR} 6... cxd4 7. cxd4 Bd6 8. Bg3 Nge7 9. Be2 O-O 10. O-O f6 11. Re1 Rc8 12. a3 Bh5 13. Bd3 e5 14. dxe5 fxe5 15. e4 d4 16. Qb3+ Kh8 17. Bc4 Na5 18. Qa2 Bxf3 19. Be6 Bh5 20. Bxc8 Qxc8 21. Rac1 {0-1 ANDHIN,t (1361)-Kriti,M (1691) 40th World Junior Girls 2024 (5.46)}) 7. Be2 $146 ({RR} 7. Bd3 Nf6 8. h3 Bh5 9. O-O Be7 10. dxc5 Bxc5 11. b4 Be7 12. Qb3 O-O 13. a4 Nd7 14. Rac1 e5 15. Qxd5 Nf6 16. Qxd8 Raxd8 17. Nxe5 Nxe5 18. Bxe5 Rxd3 19. Nb3 Rc8 20. Bd4 Ne4 21. Rc2 Bd1 {0-1 Dang,H (2361)-Shimanov,A (2581) Titled Tuesday intern op 05th Apr Early blitz 2022 (8)}) ({RR} 7. Bd3 Nf6 8. O-O Be7 9. Qb1 Nh5 10. Ne5 Nxf4 11. exf4 Nxe5 12. dxe5 g6 13. Re1 Bf5 14. Nf1 b5 15. Ne3 Qb6 16. a4 Bxd3 17. Qxd3 c4 18. Qd2 b4 19. Nc2 Rb8 20. h3 bxc3 21. bxc3 Qb2 {0-1 Rosen,E (2372)-Nabaty,T (2644) Teplice op 12th 2017 (3)}) 7... Nf6 8. Ne5 Bxe2 9. Qxe2 Rc8 10. h4 Bd6 11. h5 O-O 12. Qf3 Bxe5 13. dxe5 Nd7 14. Qg3 f6 15. exf6 Qxf6 16. h6 g6 17. Bg5 Qe5 18. f4 Qc7 19. O-O c4 20. Qg4 Rce8 21. e4 Nc5 22. exd5 exd5 23. f5 Qd7 24. Nxc4 gxf5 25. Qg3 Ne4 26. Nb6 Qe6 27. Qh4 Ne5 28. Be3 Ng6 29. Qh3 f4 30. Qxe6+ Rxe6 31. Bd4 Ng3 32. Nd7 Rf7 33. Nc5 Rc6 34. Rfe1 Nf8 35. Re5 Rxh6 36. Rae1 Rg6 37. Ne6 f3 38. Ng5 Ne4 39. R1xe4 dxe4 40. Nxf7 Rxg2+ 41. Kf1 Kxf7 42. Rxe4 Rxb2 43. Rf4+ Ke8 44. a3 Ne6 45. Rxf3 Rb3 46. Rf6 Nxd4 47. cxd4 Rxa3 48. Rb6 Rf3+ 49. Ke2 Rf7 50. Kd3 Kd8 51. Kc4 Rc7+ 52. Kd3 Rg7 53. d5 Kc7 54. Rh6 b6 55. Kc4 Rg4+ 56. Kc3 Rg6 57. Rxh7+ Kd6 58. Rh5 Kc5 59. Kd3 Rg4 60. Ke3 Rb4 0-1

[Event "45th Olympiad 2024"]
[Site "Budapest HUN"]
[Date "2024.09.15"]
[Round "5.25"]
[Board "2"]
[White "Elbilia, Jacques"]
[Black "Nguyen, Thai Dai Van"]
[Result "0-1"]
[WhiteElo "2343"]
[BlackElo "2647"]
[PlyCount "96"]
[EventDate "2024.09.11"]
[WhiteTeam "Morocco"]
[BlackTeam "Czech Republic"]
[WhiteTeamCountry "MAR"]
[BlackTeamCountry "CZE"]

1. d4 Nf6 2. c4 e6 3. Nc3 d5 4. cxd5 exd5 5. Bg5 Be7 6. e3 h6 7. Bh4 Bg4 8. Qc2 O-O 9. h3 Be6 10. Nf3 ({RR} 10. Bd3 Ne8 11. Bxe7 Qxe7 12. Nge2 Nd6 13. Nf4 c6 14. O-O Nd7 15. Rae1 Rae8 16. f3 Qh4 17. Qf2 Qxf2+ 18. Kxf2 g5 19. Nfe2 f5 20. h4 Kg7 21. Rh1 Nf6 22. hxg5 hxg5 23. Ng3 Nfe4+ 24. Bxe4 fxe4 {0-1 Vidit,S (2716)-Carlsen,M (2839) chess.com SpeedChess 2023 (1.11)}) ({RR} 10. Rd1 Ne8 11. Bxe7 Qxe7 12. Bd3 Nd6 13. Nge2 Nd7 14. O-O c6 15. f3 f5 16. Rde1 Rae8 17. Nf4 Qf6 18. Qf2 Bf7 19. Bc2 a5 20. b3 b5 21. Qd2 g5 22. Nfe2 Bg6 23. Nd1 Qd8 24. Nf2 Re6 {1-0 Nguyen,T (2650)-Pranav,A (2532) 7th Sharjah Masters 2024 (1.23)}) 10... Ne8 11. Bg3 Bd6 12. Bxd6 $146 ({RR} 12. Ne5 Nc6 13. Bf4 Qf6 14. Nxc6 bxc6 15. g3 Rb8 16. Bd3 g5 17. Bxd6 cxd6 18. f4 Ng7 19. O-O-O c5 20. f5 cxd4 21. exd4 Bxf5 22. Rhf1 Bxd3 23. Rxf6 Bxc2 24. Kxc2 Ne6 25. Nxd5 Kg7 26. Rdf1 Nxd4+ {½-½ Gaal,Z (2341)-Antal,G (2559) ch-HUN Blitz 2024 (8.27)}) ({RR} 12. Ne5 Nc6 13. Nxc6 bxc6 14. Bxd6 cxd6 15. Bd3 Qg5 16. f4 Qe7 17. f5 Bd7 18. Qf2 Nf6 19. O-O-O c5 20. g4 Rfc8 21. Qf4 Qd8 22. Rhg1 cxd4 23. Qxd4 Qa5 24. g5 hxg5 25. Rxg5 Rxc3+ 26. bxc3 Qa3+ {½-½ Osmak,Y (2445)-Garcia Martin,M (2306) 23rd ch-EUR Indiv w 2023 (5.8)}) 12... Nxd6 13. Bd3 Nd7 14. Ne5 Rc8 15. O-O c5 16. Nxd7 Qxd7 17. dxc5 Rxc5 18. f4 Bf5 19. Rad1 Re8 20. Rfe1 Be4 21. Qa4 Qc6 22. Bxe4 Nxe4 23. Qxc6 bxc6 24. Nxe4 Rxe4 25. Kf2 Rec4 26. Re2 Kf8 27. Rd4 Rxd4 28. exd4 Rc1 29. Ke3 h5 30. Kd3 h4 31. Re5 Rd1+ 32. Kc3 Rc1+ 33. Kd3 Rf1 34. Rh5 Kg8 35. Re5 Kf8 36. Rh5 Rxf4 37. Rh8+ Ke7 38. Ra8 Rf2 39. Rxa7+ Ke6 40. Rc7 Rxb2 41. Rxc6+ Kd7 42. Ra6 Rxg2 43. Ke3 g5 44. Rf6 Rg3+ 45. Ke2 Ke7 46. Rf5 f6 47. Rxd5 Rxh3 48. Ra5 Rc3 0-1

[Event "45th Olympiad 2024"]
[Site "Budapest HUN"]
[Date "2024.09.15"]
[Round "5.26"]
[Board "3"]
[White "Papaioannou, Ioannis"]
[Black "Seeman, Tarvo"]
[Result "1-0"]
[WhiteElo "2615"]
[BlackElo "2375"]
[PlyCount "91"]
[EventDate "2024.09.11"]
[WhiteTeam "Greece"]
[BlackTeam "Estonia"]
[WhiteTeamCountry "GRE"]
[BlackTeamCountry "EST"]

1. e4 c5 2. Nf3 Nc6 3. Bb5 d6 4. O-O Bd7 5. Re1 a6 6. Bxc6 Bxc6 7. d4 cxd4 8. Nxd4 Rc8 9. c4 Nf6 10. Nc3 g6 11. f3 Bg7 12. Be3 O-O 13. Rc1 ({RR} 13. Qd2 Re8 14. b3 Qa5 15. Rab1 e6 16. Red1 Kh8 17. Kh1 Red8 18. Nxc6 bxc6 19. b4 Qc7 20. Bf4 Nh5 21. Bg5 f6 22. Be3 f5 23. Rdc1 d5 24. cxd5 fxe4 25. Nxe4 exd5 26. Nc5 d4 27. Bg5 Rd5 {1-0 Niemann,H (2675)-Divya,D (2427) Djerba Masters 2024 (4.4)}) 13... e6 $146 ({RR} 13... Nd7 14. Qd2 Re8 15. b3 Qa5 16. Red1 Nc5 17. Rb1 Ne6 18. b4 Qh5 19. Nde2 b5 20. Ng3 Qh4 21. c5 dxc5 22. bxc5 Red8 23. Qe1 Rxd1 24. Rxd1 b4 25. Nd5 Bxd5 26. Rxd5 a5 27. Qd1 Bh6 28. Bf2 {½-½ Perez Ponsa,F (2532)-Timofeev,A (2567) Airthings Masters Play-In 2023 (7)}) 14. b3 b6 15. Qd2 Ba8 16. Red1 Qc7 17. Bh6 Bxh6 18. Qxh6 Rfd8 19. Kh1 Qc5 20. Na4 Qa5 21. Nc3 Qe5 22. Qd2 Rb8 23. a4 Rbc8 24. Re1 Kg7 25. Rcd1 h6 26. Ra1 Qg5 27. Qb2 Qe5 28. Rad1 h5 29. Qf2 h4 30. f4 Qh5 31. Rd3 d5 32. cxd5 exd5 33. e5 Ne4 34. Qb2 Kg8 35. e6 f6 36. Kg1 Re8 37. f5 gxf5 38. Rf1 f4 39. Nce2 Rc7 40. Nxf4 Qe5 41. Qe2 Rg7 42. Qh5 Qxh5 43. Nxh5 Rg6 44. Rh3 Bb7 45. Rxh4 Rc8 46. Rhf4 1-0

[Event "45th Olympiad 2024"]
[Site "Budapest HUN"]
[Date "2024.09.15"]
[Round "5.27"]
[Board "2"]
[White "Andersen, Mads"]
[Black "Baburin, Alexander"]
[Result "1-0"]
[WhiteElo "2598"]
[BlackElo "2376"]
[PlyCount "83"]
[EventDate "2024.09.11"]
[WhiteTeam "Denmark"]
[BlackTeam "Ireland"]
[WhiteTeamCountry "DEN"]
[BlackTeamCountry "IRL"]

1. e4 Nf6 2. e5 Nd5 3. c4 Nb6 4. d4 d6 5. f4 Bf5 6. Nc3 e6 7. Nf3 Be7 ({RR} 7... Nc6 8. Be3 d5 9. c5 Nc4 10. Bf2 Nxb2 11. Qb3 Nc4 12. Bxc4 dxc4 13. Qxb7 Na5 14. Qb5+ c6 15. Qa4 Bd3 16. Bh4 Qc7 17. Kf2 Rb8 18. Rhd1 h6 19. Kg1 Be7 20. Bxe7 Kxe7 21. Ne1 Bf5 22. Nc2 {½-½ Carlsen,M (2832)-Firouzja,A (2767) SpeedChess Final 2024 (2.21)}) ({RR} 7... Na6 8. a3 c5 9. Be3 Be7 10. Be2 O-O 11. Nb5 d5 12. dxc5 Nxc4 13. Bxc4 dxc4 14. Nd6 Bd3 15. b4 f6 16. Nd4 fxe5 17. Nxe6 Bh4+ 18. g3 Qe7 19. f5 Rxf5 20. Nxf5 Bxf5 21. O-O Bxe6 22. gxh4 {1-0 O'Gorman,T (2368)-Baburin,A (2416) IRL-ch 100th 2021 (6)}) 8. Bd3 Bg4 9. h3 $146 ({RR} 9. Be3 O-O 10. O-O dxe5 11. fxe5 f6 12. Qc2 f5 13. d5 exd5 14. cxd5 Nxd5 15. Nxd5 {1-0 Shneider,A (2093)-Gomboev,I (1767) Irkutsk Anufriev Memorial 2008 (7)}) ({RR} 9. Be4 d5 10. cxd5 exd5 11. Bd3 c5 12. O-O Nc6 13. dxc5 Bxc5+ 14. Kh1 Qd7 15. Nb5 Nb4 16. Be2 Nc4 17. a3 Na6 18. Nbd4 O-O 19. h3 Bxf3 20. Bxf3 Nc7 21. b3 Na5 22. Bb2 Nc6 23. Bg4 Ne6 {1-0 Alsina Leal,D (2487)-Kovacevic,B (2376) 28th Hotel Adriatico 2024 (4.1)}) ({RR} 9. Be4 d5 10. cxd5 exd5 11. Bb1 Nc6 12. O-O Qd7 13. h3 Bf5 14. Bxf5 Qxf5 15. g4 Qd7 16. f5 O-O-O 17. Ne1 f6 18. e6 Qe8 19. Bf4 Bd6 20. Ne2 g6 21. Bxd6 Rxd6 22. Ng2 gxf5 23. gxf5 Qh5 {1-0 Dabo Peranic,R (2313)-Paroski,S (2147) Vojvodina-ch 1st 2010 (4)}) 9... Bxf3 10. Qxf3 dxe5 11. dxe5 Nc6 12. O-O Qd4+ 13. Kh1 O-O-O 14. Rd1 Nxc4 15. Qe2 N6a5 16. Bg6 Qb6 17. Bxf7 Rxd1+ 18. Qxd1 Rf8 19. Bh5 g5 20. Bg4 Kb8 21. Na4 Qf2 22. b3 Rd8 23. Qg1 Qc2 24. bxc4 Qxa4 25. fxg5 Nxc4 26. Bf4 Nd2 27. Be3 Ne4 28. Bxe6 Bxg5 29. Bxg5 Nxg5 30. Bb3 Qf4 31. Re1 Ne4 32. Qe3 Ng3+ 33. Kg1 Qh4 34. e6 Nf5 35. Qe5 Ne7 36. Rf1 a6 37. Rf7 Rg8 38. Kh2 Rg5 39. Rf8+ Ka7 40. Qxc7 Nc6 41. Rf7 Nd8 42. e7 1-0

[Event "45th Olympiad 2024"]
[Site "Budapest HUN"]
[Date "2024.09.15"]
[Round "5.28"]
[Board "1"]
[White "Fawzy, Adham"]
[Black "Meshkovs, Nikita"]
[Result "1/2-1/2"]
[WhiteElo "2507"]
[BlackElo "2534"]
[PlyCount "44"]
[EventDate "2024.09.11"]
[WhiteTeam "Egypt"]
[BlackTeam "Latvia"]
[WhiteTeamCountry "EGY"]
[BlackTeamCountry "LAT"]

1. e4 e5 2. Nf3 Nc6 3. Bb5 a6 4. Ba4 Nf6 5. O-O Nxe4 6. d4 Be7 7. Re1 b5 8. Rxe4 d5 9. Nxe5 Nxe5 10. Rxe5 bxa4 11. Nc3 O-O 12. Re1 a3 $146 ({RR} 12... Bd6 13. Qh5 a3 14. Nxd5 axb2 15. Bxb2 Rb8 16. Rab1 Re8 17. Ne3 Bf4 18. d5 Rb4 19. c4 Bxe3 20. Rxe3 Rxe3 21. fxe3 Rxc4 22. Bd4 c5 23. Ba1 f6 24. h3 Qe7 25. Qf3 h6 26. Re1 Re4 27. Kf2 {½-½ Caruana,F (2819)-Carlsen,M (2875) Croatia GCT Zagreb 2019 (3)}) ({RR} 12... Bd6 13. Qf3 Qh4 14. g3 Qxd4 15. Qxd5 Qxd5 16. Nxd5 Be6 17. Nc3 a3 18. bxa3 Rab8 19. Rb1 Rxb1 20. Nxb1 Bf5 21. Re2 f6 22. Nc3 Be5 23. Nd5 Bg4 24. Re1 Rd8 25. Ne7+ Kf8 26. Nc6 Bc3 27. Nxd8 {0-1 Leitgeb,J (2328)-Stefansson,V (2492) Ceske Budejovice GMB 2024 (4.3)}) 13. Nxd5 Qxd5 14. Rxe7 Bh3 15. Qf3 Qxf3 16. gxf3 Rae8 17. Re3 Re6 18. b3 Rg6+ 19. Kh1 Bg2+ 20. Kg1 Bh3+ 21. Kh1 Bg2+ 22. Kg1 Bh3+ 1/2-1/2

[Event "45th Olympiad 2024"]
[Site "Budapest HUN"]
[Date "2024.09.15"]
[Round "5.28"]
[Board "2"]
[White "Kantans, Toms"]
[Black "Wageih, Kareim"]
[Result "1-0"]
[WhiteElo "2486"]
[BlackElo "2402"]
[PlyCount "107"]
[EventDate "2024.09.11"]
[WhiteTeam "Latvia"]
[BlackTeam "Egypt"]
[WhiteTeamCountry "LAT"]
[BlackTeamCountry "EGY"]

1. e4 c6 2. d4 d5 3. e5 Bf5 4. Nf3 e6 5. Be2 Nd7 6. O-O h6 7. Nbd2 Ne7 8. Nb3 g5 9. a4 Bg7 10. a5 a6 11. Bd2 Ng6 12. Ne1 h5 13. Bxh5 $146 ({RR} 13. Bd3 Bxd3 14. Nxd3 g4 15. Bb4 Bf8 16. Bxf8 Rxf8 17. Qd2 Rg8 18. Qb4 Rb8 19. Qd6 Qe7 20. Nbc5 Qxd6 21. exd6 Nxc5 22. Nxc5 Nf8 23. f4 Nd7 24. f5 Nxc5 25. dxc5 e5 26. f6 Rg5 27. Ra3 Kd7 {0-1 Sjugirov,S (2695)-Tarhan,A (2420) Titled Tue 9th Jan Late 2024 (5)}) 13... g4 14. Bxg4 Qh4 15. h3 O-O-O 16. Nf3 Qe7 17. Bxf5 exf5 18. Re1 f4 19. Qe2 Ndf8 20. Nc5 Ne6 21. Bb4 Nh4 22. Nxe6 Qxe6 23. Ng5 Qg6 24. Qg4+ Nf5 25. Nf3 Qe6 26. Qxf4 Bh6 27. Qh2 Rdg8 28. Kf1 Bg7 29. Ra3 Bh6 30. Rd3 Rh7 31. g4 Ne7 32. Bxe7 Qxe7 33. c3 Qc7 34. b4 Bf8 35. Qg2 Be7 36. Ng1 f5 37. exf6 Bxf6 38. Rf3 Be7 39. Rf5 Bd6 40. Qf3 Kb8 41. Rf6 Ka7 42. Re3 Rgg7 43. Kg2 Qd7 44. Qf5 Qd8 45. Nf3 Be7 46. Rfe6 Rf7 47. Qe5 Qf8 48. Qg3 Qg7 49. g5 Bd8 50. g6 Bc7 51. Ne5 Rf5 52. gxh7 Rg5 53. Qxg5 Qxg5+ 54. Ng4 1-0

[Event "45th Olympiad 2024"]
[Site "Budapest HUN"]
[Date "2024.09.15"]
[Round "5.29"]
[Board "3"]
[White "Sahidi, Samir"]
[Black "Berend, Elvira"]
[Result "1/2-1/2"]
[WhiteElo "2474"]
[BlackElo "2219"]
[PlyCount "148"]
[EventDate "2024.09.11"]
[WhiteTeam "Slovakia"]
[BlackTeam "Luxembourg"]
[WhiteTeamCountry "SVK"]
[BlackTeamCountry "LUX"]

1. Nf3 d5 2. c4 e6 3. g3 Nf6 4. Bg2 dxc4 5. Qa4+ Bd7 6. Qxc4 c5 7. O-O Bc6 8. b3 Be7 9. Bb2 O-O 10. d3 Nbd7 11. Nbd2 Rc8 12. Rfd1 $146 ({RR} 12. Rac1 Nd5 13. a3 b6 14. e4 N5f6 15. e5 Nd5 16. Qg4 Re8 17. Ne4 f5 18. exf6 Bxf6 19. Nxf6+ N7xf6 20. Qh4 Qe7 21. Rfe1 Nc7 22. d4 Bd5 23. dxc5 bxc5 24. Re5 Bxb3 25. Rexc5 Bd5 26. Be5 {1-0 Chennaoui,Y (2092)-Indinger,A (1764) Lueneburg op-A 2019 (2)}) ({RR} 12. Qc2 b5 13. Rac1 Qb6 14. e4 Rfd8 15. Rfd1 Qb7 16. Qb1 a5 17. Ne1 Ra8 18. Nc2 a4 19. Ne3 axb3 20. axb3 Rac8 21. Nf3 h6 22. Bc3 Rb8 23. Ne1 Qa8 24. Qa1 Rb6 25. Qxa8 Rxa8 26. Ra1 Rba6 {½-½ Gutkin,I (2041)-Post,H (2113) GER-ch U16 Willingen 2019 (3)}) 12... b5 13. Qc1 Nb6 14. Ne5 Bxg2 15. Kxg2 Nfd7 16. Ng4 Nf6 17. Nxf6+ Bxf6 18. Bxf6 Qxf6 19. Qa3 Qe7 20. Rac1 f5 21. Qa6 Qd7 22. Nf3 f4 23. Rd2 fxg3 24. hxg3 Rf5 25. a4 bxa4 26. bxa4 Rcf8 27. d4 cxd4 28. Rxd4 Qf7 29. Qd3 h6 30. Rd8 Rxd8 31. Qxd8+ Qf8 32. Qxf8+ Kxf8 33. Nd4 Ra5 34. Rc7 g5 35. Nxe6+ Kg8 36. Nd4 Nxa4 37. Nc6 Ra6 38. Nxa7 Nc3 39. Rxc3 Rxa7 40. f4 Re7 41. Kf3 g4+ 42. Kf2 Kg7 43. Rc6 Kh7 44. Rd6 Re4 45. e3 Ra4 46. Ke2 Ra3 47. Rd3 Ra2+ 48. Rd2 Ra3 49. Kf2 Kg6 50. e4 Rf3+ 51. Kg2 Re3 52. Rd6+ Kh5 53. Rd5+ Kg6 54. e5 Kf5 55. Rd6 h5 56. Rh6 Ke4 57. e6 Re2+ 58. Kf1 Kf3 59. f5 h4 60. Rxh4 Ra2 61. Ke1 Ra5 62. Rh7 Ke3 63. Kd1 Rxf5 64. Kc2 Re5 65. e7 Kf3 66. Kd3 Kxg3 67. Kd4 Re1 68. Kd5 Kg2 69. Kd6 g3 70. Rh6 Rxe7 71. Kxe7 Kf2 72. Rf6+ Ke2 73. Rg6 Kf2 74. Rxg3 Kxg3 1/2-1/2

[Event "45th Olympiad 2024"]
[Site "Budapest HUN"]
[Date "2024.09.15"]
[Round "5.29"]
[Board "4"]
[White "Gengler, Pierre"]
[Black "Kostolansky, Sebastian Lukas"]
[Result "0-1"]
[WhiteElo "2097"]
[BlackElo "2405"]
[PlyCount "52"]
[EventDate "2024.09.11"]
[WhiteTeam "Luxembourg"]
[BlackTeam "Slovakia"]
[WhiteTeamCountry "LUX"]
[BlackTeamCountry "SVK"]

1. e4 c5 2. Nf3 e6 3. d4 cxd4 4. Nxd4 a6 5. g3 d5 6. Bg2 dxe4 7. O-O f5 ({RR} 7... Nf6 8. Nc3 Nbd7 9. Nxe4 Nxe4 10. Bxe4 Nf6 11. Bg2 Be7 12. c3 O-O 13. Qe2 Qc7 14. Bf4 Bd6 15. Bxd6 Qxd6 16. Rfd1 Qc7 17. Nf3 Bd7 18. Ne5 Rfd8 19. h4 Bb5 20. c4 Be8 21. b4 a5 22. b5 {1-0 Jumabayev,R (2654)-Grinev,V (2441) Titled Tuesday intern op 23rd June blitz 2020 (3)}) ({RR} 7... Nf6 8. Nc3 Bc5 9. Be3 Nbd7 10. Nxe4 Nxe4 11. Bxe4 Qb6 12. b4 Qxb4 13. Rb1 Qa3 14. Rb3 Qxa2 15. Nxe6 fxe6 16. Bxc5 Nxc5 17. Qh5+ Kf8 18. Qxc5+ Kg8 19. Qe7 g6 20. Rf3 e5 21. Rf8# {1-0 Sun,R (2139)-Nikologorsky,M (2182) Titled Tue 9th Jan Late 2024 (3)}) 8. g4 $146 ({RR} 8. Nc3 Nf6 9. h3 Bd6 10. Qe2 Be5 11. Nb3 O-O 12. Be3 Qc7 13. Bd4 Bxd4 14. Nxd4 e5 15. Nb3 Be6 16. Rfe1 Nbd7 17. Rad1 Nb6 18. f3 exf3 19. Qxf3 Rab8 20. Nd2 e4 21. Qe3 Nbd5 22. Nxd5 Nxd5 {0-1 Preuss,F (1971)-Andreikin,D (2702) Helsingor Xtracon op 2018 (1)}) ({RR} 8. Be3 e5 9. Nb3 Qxd1 10. Rxd1 Nc6 11. Nc3 Be6 12. Nc5 Bxc5 13. Bxc5 Nf6 14. b4 Rc8 15. Na4 Kf7 16. Nb6 Rcd8 17. c4 Nd7 18. Nxd7 Rxd7 19. Rxd7+ Bxd7 20. Bf1 Be6 21. b5 Na5 22. bxa6 bxa6 {0-1 Bakos,S-Bilek,I HUN-ch17 Budapest 1962 (13)}) 8... Nf6 9. gxf5 exf5 10. Nc3 Bd6 11. Bh3 g6 12. Bh6 Be5 13. Nce2 Ng4 14. f4 Bxd4+ 15. Nxd4 Nxh6 16. c3 O-O 17. Qb3+ Nf7 18. Rad1 Qh4 19. Bg2 Nc6 20. Nc2 Qe7 21. Ne3 Be6 22. c4 Rad8 23. Qc3 Rxd1 24. Rxd1 Rd8 25. Rd5 Bxd5 26. Nxd5 Qc5+ 0-1

[Event "45th Olympiad 2024"]
[Site "Budapest HUN"]
[Date "2024.09.15"]
[Round "5.30"]
[Board "1"]
[White "Gascon Del Nogal, Jose Rafael"]
[Black "Lee, Junhyeok"]
[Result "0-1"]
[WhiteElo "2454"]
[BlackElo "2364"]
[PlyCount "44"]
[EventDate "2024.09.11"]
[WhiteTeam "Venezuela"]
[BlackTeam "South Korea"]
[WhiteTeamCountry "VEN"]

1. d4 Nf6 2. c4 g6 3. Nc3 Bg7 4. e4 d6 5. h4 h5 6. f3 ({RR} 6. Bg5 Nc6 7. d5 Ne5 8. Be2 c6 9. Nf3 Nfg4 10. O-O Bd7 11. Qd2 Rc8 12. Rac1 O-O 13. Nxe5 Nxe5 14. f4 Ng4 15. f5 Qb6+ 16. Kh1 Nf2+ 17. Kh2 Bxc3 18. Qxc3 Nxe4 19. Qh3 Nxg5 20. hxg5 Qxb2 {1-0 Ambartsumova,K (2404)-Barredo,R (1816) Titled Tue 2nd Jul Early 2024 (2)}) 6... O-O 7. Bg5 c5 8. d5 Nh7 $146 ({RR} 8... a6 9. a4 Qa5 10. Bd2 e6 11. Nge2 exd5 12. Nxd5 Qd8 13. Nec3 Nc6 14. Bg5 Be6 15. Qd2 Nd4 16. Rd1 Bxd5 17. Nxd5 Ne6 18. Nc3 Nxg5 19. hxg5 Nd7 20. f4 Re8 21. Qxd6 Qa5 22. Kf2 Rad8 23. Qd2 {1-0 Morozevich,A (2748)-Wang,H (2737) Beijing Sportaccord blitz 2012 (6)}) 9. Be3 e6 10. Qd2 exd5 11. Nxd5 Nc6 12. Ne2 Be6 13. Rd1 Bxd5 14. cxd5 Ne5 15. Nc3 f5 16. exf5 gxf5 17. Kf2 Qf6 18. g3 Rae8 19. Rc1 Qf7 20. Ne2 Nf6 21. Bg5 Ne4+ 22. fxe4 fxe4+ 0-1

[Event "45th Olympiad 2024"]
[Site "Budapest HUN"]
[Date "2024.09.15"]
[Round "5.30"]
[Board "2"]
[White "Ahn, Hongjin"]
[Black "Ynojosa Aponte, Felix Jose"]
[Result "0-1"]
[WhiteElo "2251"]
[BlackElo "2398"]
[PlyCount "94"]
[EventDate "2024.09.11"]
[WhiteTeam "South Korea"]
[BlackTeam "Venezuela"]
[BlackTeamCountry "VEN"]

1. e4 c5 2. Nf3 a6 3. c3 b5 4. d4 Bb7 ({RR} 4... cxd4 5. cxd4 Bb7 6. Bd3 e6 7. O-O Nf6 8. Re1 Bb4 9. Bd2 Bxd2 10. Nbxd2 d6 11. a4 O-O 12. axb5 axb5 13. Rxa8 Bxa8 14. Qb3 Nc6 15. Qxb5 Qe7 16. d5 Rb8 17. Qc4 Nb4 18. dxe6 Qxe6 19. Qxe6 {1-0 Saric,I (2657)-Kozak,A (2571) Julius Baer Play-In 2023 (9.56)}) ({RR} 4... cxd4 5. cxd4 Bb7 6. Bd3 Nf6 7. Qe2 e6 8. O-O Be7 9. Bg5 h6 10. Bh4 d5 11. Bxf6 Bxf6 12. e5 Be7 13. Nbd2 Nc6 14. a3 Na5 15. Bc2 Rc8 16. Rfc1 Nc4 17. Nxc4 dxc4 18. Be4 Bd5 19. h3 {0-1 Estrada Nieto,J (2199)-Postny,E (2597) Titled Tue 27th Feb Late 2024 (8)}) 5. Bd3 e6 6. a4 $146 ({RR} 6. Qe2 Nf6 7. Nbd2 d5 8. e5 Nfd7 9. b3 Nc6 10. Bb2 Rc8 11. Rc1 Be7 12. O-O O-O 13. Bb1 Re8 14. Rfd1 cxd4 15. cxd4 Nf8 16. Nf1 Qb6 17. Ng3 a5 18. a3 Ba6 19. Qd2 Ng6 20. Ne2 Ra8 {½-½ Cioroianu,I (2240)-Tomescu,V (2435) ROM-chT Romania 1993 (9)}) ({RR} 6. Bf4 Nf6 7. Qe2 Be7 8. O-O cxd4 9. cxd4 d6 10. Nbd2 Nc6 11. h3 O-O 12. Rac1 Nh5 13. Be3 g6 14. e5 Nb4 15. Bb1 Nd5 16. Ne4 Nxe3 17. Qxe3 Bxe4 18. Bxe4 d5 19. Bb1 Qd7 20. g4 Ng7 {1-0 Csoke,A (2145)-Palko,G (2075) HUN-ch (Women) 1992 (4)}) 6... c4 7. Bc2 d5 8. e5 b4 9. Nbd2 Nc6 10. Nf1 b3 11. Bb1 f5 12. g4 g6 13. gxf5 exf5 14. h4 Qd7 15. h5 Bg7 16. Ng3 Nge7 17. hxg6 hxg6 18. Rxh8+ Bxh8 19. Nh4 Qe6 20. a5 O-O-O 21. Bg5 Rf8 22. Ng2 Qf7 23. Qe2 Bg7 24. Ra4 Rh8 25. Qe3 Kb8 26. Qf4 Ka8 27. Ne3 Qe8 28. Bxe7 Nxe7 29. Rb4 Qd8 30. Qf3 Qxa5 31. Nxc4 Qxb4 32. cxb4 dxc4 33. Be4 fxe4 34. Qf7 Bh6 35. Qxc4 Rc8 36. Qe6 Rc1+ 37. Ke2 Nd5 38. Qe8+ Rc8 39. Qa4 Nf4+ 40. Ke3 Nd3+ 41. Ke2 Rc2+ 42. Kf1 Rxf2+ 43. Kg1 e3 44. d5 e2 45. Nxe2 Rxe2 46. Qxb3 Be3+ 47. Kh1 Nf4 0-1